[Event "Provence-ch Principal 9394"]
[White "Gaudineau, Eric"]
[Black "Rotsaert, Jean Louis"]
[Site "France"]
[Round "2"]
[Result "0-1"]
[Date "1993.??.??"]
[WhiteElo "2060"]
[BlackElo "2070"]
[PlyCount "66"]
[EventDate "1993.??.??"]
[EventType "tourn"]
[EventRounds "9"]
[EventCountry "FRA"]
[SourceTitle "EXT 2005"]
[Source "ChessBase"]
[SourceDate "2004.11.15"]
[SourceVersion "1"]
[SourceVersionDate "2004.11.15"]
[SourceQuality "1"]

1. e4 e6 2. f4 d5 3. Nc3 Nf6 4. Qf3 c5 5. e5 Nfd7 6. Nge2 Nc6 7. a3 Be7 8. g3 0-0 9. Bh3 Ndb8 10. d3 f6 11. exf6 Bxf6 12. 0-0 Nd4 13. Nxd4 Bxd4+ 14. Kh1 Nc6 15. Nd1 Bf6 16. c3 Na5 17. Ne3 d4 18. Ng4 dxc3 19. Nxf6+ Qxf6 20. bxc3 Bd7 21. Kg1 Qxc3 22. Rb1 Qd4+ 23. Rf2 b6 24. Bb2 Qd6 25. Re1 Rae8 26. Rfe2 Nc6 27. Qg4 Nd4 28. Re5 Rf7 29. Bg2 Rfe7 30. Be4 Bc6 31. Bxc6 Nxc6 32. Rxe6 Qd7 33. Qe2 Rxe6 0-1

[Event "Provence-ch Principal 9394"]
[White "Rotsaert, Jean Louis"]
[Black "Maruejols, Claude"]
[Site "France"]
[Round "7"]
[Result "1-0"]
[Date "1993.??.??"]
[WhiteElo "2070"]
[BlackElo "1950"]
[PlyCount "83"]
[EventDate "1993.??.??"]
[EventType "tourn"]
[EventRounds "9"]
[EventCountry "FRA"]
[SourceTitle "EXT 2005"]
[Source "ChessBase"]
[SourceDate "2004.11.15"]
[SourceVersion "1"]
[SourceVersionDate "2004.11.15"]
[SourceQuality "1"]

1. e4 c5 2. Nf3 d6 3. d4 cxd4 4. Qxd4 Nc6 5. Bb5 Bd7 6. Bxc6 Bxc6 7. c4 f5 8. exf5 Qa5+ 9. Nc3 Qxf5 10. Be3 Nf6 11. 0-0-0 e5 12. Qd2 Be7 13. Qc2 Qe6 14. Qb3 0-0 15. Kb1 a5 16. a4 Ng4 17. Nd5 Bd8 18. Rhe1 Kh8 19. Ka2 Ra6 20. Qc2 h6 21. Rd2 Nxe3 22. Rxe3 Qg4 23. Ne1 Qd7 24. Ra3 Bg5 25. Rdd3 Rc8 26. Qb3 Bxd5 27. Rxd5 Qc6 28. Rb5 Rc7 29. Nf3 Bf6 30. Kb1 e4 31. Nd2 Bg5 32. Qc3 b6 33. b3 Ra8 34. Qd4 Rb8 35. Nxe4 Be7 36. Ra2 Rcb7 37. Rh5 Kg8 38. Re2 Rf8 39. f3 Qe8 40. Qd5+ Kh8 41. Rxh6+ gxh6 42. Qxb7 1-0

[Event "Provence-ch Principal 9394"]
[White "Rotsaert, Jean Louis"]
[Black "Milesi, Laurent"]
[Site "France"]
[Round "8"]
[Result "1-0"]
[Date "1993.??.??"]
[WhiteElo "2070"]
[BlackElo "2010"]
[PlyCount "149"]
[EventDate "1993.??.??"]
[EventType "tourn"]
[EventRounds "9"]
[EventCountry "FRA"]
[SourceTitle "EXT 2005"]
[Source "ChessBase"]
[SourceDate "2004.11.15"]
[SourceVersion "1"]
[SourceVersionDate "2004.11.15"]
[SourceQuality "1"]

1. e4 c5 2. Nf3 g6 3. d4 Bg7 4. dxc5 Qa5+ 5. Nc3 Nf6 6. Bd2 Qxc5 7. Bd3 Nc6 8. 0-0 0-0 9. a3 d6 10. Be2 Bd7 11. Be3 Qa5 12. Nd4 Rfe8 13. Nb3 Qd8 14. h3 Na5 15. Nxa5 Qxa5 16. Qd2 Bc6 17. Bf3 Rac8 18. Rfe1 Qc7 19. Bd4 Red8 20. Rad1 b6 21. Qe2 e5 22. Be3 h6 23. Rd2 Qb7 24. Nd5 Bxd5 25. exd5 Rc7 26. Qb5 Nd7 27. Bd1 Kh7 28. f3 f5 29. c3 Nf6 30. Bc2 Re7 31. Bf2 Qc8 32. Rde2 Rde8 33. Kh1 Kh8 34. Kg1 Qb7 35. c4 a6 36. Qb3 Rc8 37. Bb1 Nd7 38. Qc2 b5 39. b3 bxc4 40. bxc4 Nc5 41. g4 Qb3 42. gxf5 Qxc2 43. Bxc2 gxf5 44. Bxf5 Rb8 45. Bxc5 dxc5 46. Rb1 Rxb1+ 47. Bxb1 Rb7 48. Bc2 Kg8 49. Ba4 Rb6 50. Kf2 Kf7 51. Ke3 Bf8 52. Ke4 Bd6 53. Kf5 Bc7 54. Re3 Rf6+ 55. Ke4 Rf4+ 56. Kd3 Kf6 57. Kc3 Ke7 58. Bc2 Kd6 59. Be4 Rf7 60. Re2 Rg7 61. Rb2 Rg3 62. Rb7 Rxh3 63. Ra7 a5 64. Ra6+ Ke7 65. Re6+ Kd7 66. Rg6 Ke7 67. Rg7+ Kd6 68. Kb3 Rh5 69. Rg6+ Kd7 70. Ka4 Rg5 71. Rxh6 Rg7 72. Bf5+ Ke7 73. Re6+ Kf7 74. d6 Bd8 75. Rxe5 1-0

[Event "Provence-chA"]
[White "Rotsaert, Jean Louis"]
[Black "Jean, Olivier"]
[Site "Provence"]
[Round "9"]
[Result "0-1"]
[Date "1991.??.??"]
[WhiteElo "2010"]
[BlackElo "2200"]
[PlyCount "138"]
[EventDate "1991.??.??"]
[EventType "tourn"]
[EventRounds "9"]
[EventCountry "FRA"]
[SourceTitle "EXT 2005"]
[Source "ChessBase"]
[SourceDate "2004.11.15"]
[SourceVersion "1"]
[SourceVersionDate "2004.11.15"]
[SourceQuality "1"]

1. e4 c5 2. Nf3 d6 3. d4 cxd4 4. Qxd4 Nc6 5. Bb5 Bd7 6. Bxc6 Bxc6 7. Nc3 Nf6 8. Bg5 e6 9. 0-0-0 Be7 10. e5 dxe5 11. Qxe5 Qb8 12. Qxb8+ Rxb8 13. Bf4 Rc8 14. Nd4 0-0 15. f3 a6 16. Rhe1 b5 17. Nf5 Bc5 18. Bd6 Bxd6 19. Nxd6 Rc7 20. a3 Nd5 21. Nxd5 Bxd5 22. Nf5 Bxf3 23. gxf3 exf5 24. Rd6 Ra7 25. Re5 g6 26. Rb6 Rd8 27. a4 bxa4 28. Ra5 Rd4 29. Rbxa6 Rad7 30. Kb1 Rd1+ 31. Ka2 Rc1 32. Rc6 Rd2 33. Rxa4 Rcxc2 34. Rxc2 Rxc2 35. Kb1 Rxh2 36. Rc4 Re2 37. b4 Re8 38. b5 Rb8 39. Rc5 Kg7 40. Kc2 Kh6 41. Kd2 Kg5 42. Ke3 h5 43. Kf2 Rd8 44. Rc2 f4 45. b6 Rb8 46. Rb2 Rb7 47. Kg2 f5 48. Rb4 Kf6 49. Kh3 g5 50. Rb5 g4+ 51. Kh4 gxf3 52. Rb4 f2 53. Rxf4 Rxb6 54. Rxf2 Rb3 55. Rh2 f4 56. Rg2 Kf5 57. Rg5+ Ke4 58. Rg8 Kf3 59. Rf8 Rb1 60. Kxh5 Kg3 61. Rg8+ Kf2 62. Rf8 f3 63. Kg4 Rb3 64. Kh3 Kf1 65. Ra8 f2+ 66. Kh2 Ke2 67. Ra2+ Kf3 68. Ra1 Re3 69. Rb1 Re1 0-1